| 000 | 00571cam a2200145 4500500 | ||
|---|---|---|---|
| 005 | 20251228082905.0 | ||
| 041 | _afre | ||
| 042 | _adc | ||
| 100 | 1 | 0 |
_aLapied, Martine _eauthor |
| 245 | 0 | 0 | _aBernard Quilliet, Christine de Suède, nouvelle édition revue et augmentée, Paris, Arthème Fayard, 2003. Un vol. 14 × 22 cm de 450 p. |
| 260 | _c2005. | ||
| 500 | _a58 | ||
| 786 | 0 | _nDix-septième siècle | 228 | 3 | 2005-09-01 | p. 563a-574a | 0012-4273 | |
| 856 | 4 | 1 | _uhttps://shs.cairn.info/revue-dix-septieme-siecle-2005-3-page-563a?lang=fr&redirect-ssocas=7080 |
| 999 |
_c1600020 _d1600020 |
||